<?xml version="1.0" encoding="UTF-8"?>
<record
    xmlns:xsi="http://www.w3.org/2001/XMLSchema-instance"
    xsi:schemaLocation="http://www.loc.gov/MARC21/slim http://www.loc.gov/standards/marcxml/schema/MARC21slim.xsd"
    xmlns="http://www.loc.gov/MARC21/slim">

  <leader>00642nam a22002297a 4500</leader>
  <controlfield tag="005">20251009085840.0</controlfield>
  <datafield tag="020" ind1=" " ind2=" ">
    <subfield code="a">9780073529936</subfield>
    <subfield code="c">TZS 10,000/=</subfield>
  </datafield>
  <datafield tag="040" ind1=" " ind2=" ">
    <subfield code="a">MCCL</subfield>
    <subfield code="b">eng.</subfield>
    <subfield code="e">AACR 2nd rev. ed.</subfield>
  </datafield>
  <datafield tag="082" ind1=" " ind2=" ">
    <subfield code="a">658.8 KER</subfield>
  </datafield>
  <datafield tag="100" ind1=" " ind2=" ">
    <subfield code="a">Kerin, Roger A. </subfield>
  </datafield>
  <datafield tag="245" ind1=" " ind2=" ">
    <subfield code="a">Marketing/</subfield>
    <subfield code="c">Roger A. Kerin, Steven W. Hartley and William Rudelius</subfield>
  </datafield>
  <datafield tag="250" ind1=" " ind2=" ">
    <subfield code="a">10th ed.</subfield>
  </datafield>
  <datafield tag="260" ind1=" " ind2=" ">
    <subfield code="a">New York:</subfield>
    <subfield code="b"> McGraw-Hill/Irwin, </subfield>
    <subfield code="c">c2009.</subfield>
  </datafield>
  <datafield tag="300" ind1=" " ind2=" ">
    <subfield code="a">liii,746p.:</subfield>
    <subfield code="b">ill.;</subfield>
    <subfield code="c">27cm.</subfield>
  </datafield>
  <datafield tag="504" ind1=" " ind2=" ">
    <subfield code="a">Includes index</subfield>
  </datafield>
  <datafield tag="546" ind1=" " ind2=" ">
    <subfield code="a">eng.</subfield>
  </datafield>
  <datafield tag="650" ind1=" " ind2=" ">
    <subfield code="a">Marketing</subfield>
  </datafield>
  <datafield tag="650" ind1=" " ind2=" ">
    <subfield code="a">Marketing research</subfield>
  </datafield>
  <datafield tag="700" ind1=" " ind2=" ">
    <subfield code="a">Hartley, Steven W. </subfield>
  </datafield>
  <datafield tag="700" ind1=" " ind2=" ">
    <subfield code="a">Rudelius, William </subfield>
  </datafield>
  <datafield tag="942" ind1=" " ind2=" ">
    <subfield code="c">BK</subfield>
  </datafield>
  <datafield tag="999" ind1=" " ind2=" ">
    <subfield code="c">12349</subfield>
    <subfield code="d">12349</subfield>
  </datafield>
  <datafield tag="952" ind1=" " ind2=" ">
    <subfield code="0">0</subfield>
    <subfield code="1">0</subfield>
    <subfield code="4">0</subfield>
    <subfield code="7">0</subfield>
    <subfield code="a">MU002</subfield>
    <subfield code="b">MU002</subfield>
    <subfield code="d">2012-03-01</subfield>
    <subfield code="e">TBST</subfield>
    <subfield code="l">0</subfield>
    <subfield code="o">658.8 KER</subfield>
    <subfield code="p">005297</subfield>
    <subfield code="r">2025-10-09 08:59:56</subfield>
    <subfield code="t">1</subfield>
    <subfield code="w">2025-10-09</subfield>
    <subfield code="y">BK</subfield>
  </datafield>
  <datafield tag="952" ind1=" " ind2=" ">
    <subfield code="0">0</subfield>
    <subfield code="1">0</subfield>
    <subfield code="4">0</subfield>
    <subfield code="7">0</subfield>
    <subfield code="a">MU002</subfield>
    <subfield code="b">MU002</subfield>
    <subfield code="d">2012-03-01</subfield>
    <subfield code="e">TBST</subfield>
    <subfield code="l">0</subfield>
    <subfield code="o">658.8 KER</subfield>
    <subfield code="p">005298</subfield>
    <subfield code="r">2025-10-09 08:59:56</subfield>
    <subfield code="t">2</subfield>
    <subfield code="w">2025-10-09</subfield>
    <subfield code="y">BK</subfield>
  </datafield>
</record>
